[Event "YUG-Cup 36th"]
[Site "Becici"]
[Date "1993.05.18"]
[Round "2"]
[White "Indjic, Dusan"]
[Black "Ljesar, Zdravko"]
[Result "1-0"]
[WhiteElo "2385"]
[BlackElo "2200"]
[PlyCount "75"]
[EventDate "1993.??.??"]
[EventType "team-tourn"]
[EventRounds "6"]
[EventCountry "YUG"]
[SourceTitle "EXT 2000"]
[Source "ChessBase"]
[SourceDate "1999.11.16"]
[SourceVersion "1"]
[SourceVersionDate "1999.11.16"]
[SourceQuality "1"]
[WhiteTeam "Jedinstvo"]
[BlackTeam "Cetinje"]
[WhiteTeamCountry "YUG"]
[BlackTeamCountry "YUG"]

1. d4 Nf6 2. Nf3 e6 3. Bg5 d5 4. e3 Be7 5. Nbd2 Nbd7 6. Bd3 0-0 7. c3 Re8 8. 0-0 b6 9. Qb1 Nf8 10. Ne5 Bb7 11. f4 N6d7 12. Bxe7 Qxe7 13. Rf3 f5 14. Nxd7 Nxd7 15. g4 g6 16. g5 h6 17. gxh6 Qh4 18. Rg3 Qxh6 19. Nf3 Kg7 20. Kf2 Nf6 21. Qg1 Rh8 22. Qg2 Rag8 23. Ne5 Ng4+ 24. Nxg4 fxg4 25. Rxg4 Kf7 26. h4 Bc8 27. Rg1 Ke7 28. Bxg6 e5 29. Qxd5 Bxg4 30. Qf7+ Kd8 31. Rxg4 Rxg6 32. Qxg6 Qxg6 33. Rxg6 exf4 34. Rg4 fxe3+ 35. Kxe3 Ke7 36. b4 b5 37. Ke4 c6 38. d5 1-0

[Event "YUG-Cup 36th"]
[Site "Becici"]
[Date "1993.05.17"]
[Round "1"]
[White "Mackic, Zoran"]
[Black "Ljesar, Zdravko"]
[Result "1-0"]
[WhiteElo "2345"]
[BlackElo "2200"]
[PlyCount "129"]
[EventDate "1993.??.??"]
[EventType "team-tourn"]
[EventRounds "6"]
[EventCountry "YUG"]
[SourceTitle "EXT 2000"]
[Source "ChessBase"]
[SourceDate "1999.11.16"]
[SourceVersion "1"]
[SourceVersionDate "1999.11.16"]
[SourceQuality "1"]
[WhiteTeam "Banja Luka RSK"]
[BlackTeam "Cetinje"]
[WhiteTeamCountry "YUG"]
[BlackTeamCountry "YUG"]

1. e4 c5 2. Nf3 Nc6 3. d4 cxd4 4. Nxd4 Nf6 5. Nc3 e5 6. Ndb5 d6 7. Nd5 Nxd5 8. exd5 Nb8 9. c4 Be7 10. Be2 0-0 11. 0-0 a6 12. Nc3 Nd7 13. a4 a5 14. Nb5 b6 15. f4 f5 16. fxe5 Nxe5 17. Nd4 Qc7 18. b3 Bf6 19. Kh1 Bd7 20. Be3 Rae8 21. Qd2 Kh8 22. Rac1 g6 23. Rfe1 Rf7 24. Bf1 Ng4 25. Bg1 Rfe7 26. Rxe7 Rxe7 27. Nb5 Qb8 28. h3 Ne5 29. b4 Bxb5 30. cxb5 axb4 31. Qxb4 Nd7 32. a5 Re4 33. Qa3 Bg5 34. Rb1 Nc5 35. a6 Qa8 36. Qc3+ Kg8 37. Bxc5 dxc5 38. Bc4 Rd4 39. Qb3 Kg7 40. Rd1 Be3 41. Rxd4 cxd4 42. Be2 Qf8 43. d6 Qxd6 44. a7 Qg3 45. Qd1 Bf4 46. Qg1 Be3 47. Qa1 Bf4 48. Qg1 Be3 49. Qf1 Bf4 50. Qxf4 Qxf4 51. a8Q d3 52. Qa1+ Kh6 53. Bxd3 Qe3 54. Qf1 f4 55. Qe2 Qc1+ 56. Kh2 Qc7 57. Qf2 Qd6 58. Be4 Kg7 59. Bc6 Qc7 60. Qd4+ Kh6 61. Kg1 Kg5 62. Kf2 h5 63. h4+ Kxh4 64. Qf6+ g5 65. Qf5 1-0